Marmalade,Jet and the finnies

Bibliographic Details
Main Author: Wignell, Edel
Other Authors: Bradbury, Cathherine (illustrated by)
Format: Book
Published: London : Hamish Hamilton , 1987
Subjects:

MARC

LEADER 00000cam a2200000 7i4500
001 0000003831
002 000004130
005 20000330.0
020 |a 024120993 
090 0 0 |a JF   |b WIG 
100 1 |a Wignell, Edel 
245 1 0 |a Marmalade,Jet and the finnies   |c Edel Wignell ; illustrated by catherine Bradbory 
260 |a London :   |b Hamish Hamilton ,   |c 1987 
300 |a 40p. :   |b ill ;   |c 20cm. 
650 0 0 |a Children's stories 
700 1 |a Bradbury, Cathherine ,   |e illustrated by 
999 |a 032371   |b BUKU   |c JUNIOR FICTION   |e PERPUSTAKAAN KOMUNITI PETALING JAYA